000 00798nam a2200253 i 4500
003 DO-SdBNP
005 20250116073945.0
006 a||||br|||| 00| 0
007 ta
008 230814e1994 dr a|||| |||| 00| 0 spa d
040 _aDO-SdBNP
_bspa
_cBNPHU
_erda
082 4 _222
_bP977v
100 _aPuello Herrera, Juan Fco.
_eautor
_984649
245 1 0 _aLa verdad esplendorosa /
_cJuan Fco. Puello Herrera
264 4 _aSanto Domingo :
_bAlfa y Omega,
_c1994
300 _a49 páginas ;
_c23 cm.
336 _2rdacontent
_atexto
_btxt
337 _2rdamedia
_asin mediación
_bn
338 _2rdacarrier
_avolumen
_bnc
590 _aInventariado 2023 / DG
710 1 _aRepública Dominicana.
_bSecretaría de Estado de Educación, Bellas Artes y Cultos
_923965
910 _aDG
942 _2ddc
_cLF2
999 _c55529
_d55529